[Event "Elgoibar Danobat U2200 op 1st"]
[Site "Elgoibar"]
[Date "2018.11.29"]
[Round "6"]
[White "Arrillaga Romero, Oscar"]
[Black "Kerexeta Zabala, Markel"]
[Result "1-0"]
[WhiteElo "1837"]
[BlackElo "1584"]
[PlyCount "31"]
[EventDate "2018.09.27"]
[EventType "swiss"]
[EventRounds "7"]
[EventCountry "ESP"]
[SourceTitle "EXT 2020"]
[Source "ChessBase"]
[SourceDate "2019.10.17"]
[SourceVersion "1"]
[SourceVersionDate "2019.10.17"]
[SourceQuality "1"]

1. e4 c5 2. Nf3 Nc6 3. d4 cxd4 4. Nxd4 g6 5. Be3 Bg7 6. Nc3 Nf6 7. Bc4 0-0 8. f3 d6 9. Qd2 Re8 10. 0-0-0 Bd7 11. h4 h5 12. g4 hxg4 13. h5 gxh5 14. Bh6 Ne5 15. Qg5 Ng6 16. Qxg6 1-0

[Event "Guipuzcoa-ch Segunda B"]
[Site "Guipuzcoa"]
[Date "2017.10.21"]
[Round "2.1"]
[White "Kerexeta Zabala, Markel"]
[Black "Arocena Uria, Jaime"]
[Result "0-1"]
[WhiteElo "1677"]
[BlackElo "1815"]
[PlyCount "96"]
[EventDate "2017.10.14"]
[EventType "swiss"]
[EventRounds "5"]
[EventCountry "ESP"]
[SourceTitle "EXT 2024"]
[Source "ChessBase"]
[SourceDate "2023.10.10"]
[SourceVersion "1"]
[SourceVersionDate "2023.10.10"]
[SourceQuality "1"]

1. e4 c5 2. Nf3 d6 3. d4 cxd4 4. Nxd4 Nf6 5. Nc3 a6 6. Be2 e5 7. Nf3 h6 8. h3 Be6 9. Be3 Nbd7 10. 0-0 Qc7 11. Bd3 b5 12. Ne2 d5 13. Ng3 d4 14. Bd2 Nc5 15. Rc1 Qd6 16. Bb4 Nfd7 17. c3 dxc3 18. Rxc3 Qb6 19. Bxc5 Bxc5 20. Qe2 b4 21. Rc2 Bxa2 22. Bc4 Bxc4 23. Qxc4 Rc8 24. Kh1 0-0 25. Nf5 Qe6 26. Qxe6 fxe6 27. Ng3 b3 28. Rd2 Rf7 29. Rfd1 Nb6 30. Ra1 Nc4 31. Re2 a5 32. Nf1 Bd4 33. Rc1 Rfc7 34. Rb1 a4 35. Kh2 Nb6 36. Ne3 Rc1 37. Re1 Bxe3 38. fxe3 Rxe1 39. Nxe1 Rd8 40. Kg3 Nc4 41. Nf3 Kf8 42. Kh4 Ke7 43. Kh5 Kf6 44. g4 g6+ 45. Kh4 Nxe3 46. Kg3 Nc4 47. h4 Rd3 48. Kf2 Rxf3+ 0-1